Vyučovanie podnikateľskej etiky (prehľadová štúdia)

Bibliographic Details
Main Author: Hrehová, Daniela, 1963- (Author)
Format: Article
Language:Slovak
PhysicalDescription:Obr., tab.
ISSN:1338-0982
Subjects:
Online Access:www.pedagogika.sk

MARC

LEADER 00000nab a2200000 ar4500
001 vtls010599403
003 SK-MaSNL
005 20260304054647.0
008 140528c2011 xo |r|p|||an |000 b|slo
015 |a SNBRB2014/05 
038 |a SPK 
040 |a SPKCL  |b slo  |c AACR2  |e AACR2 
041 0 |a slo  |b slo  |b eng 
044 |a xo  |c SK 
072 7 |a 17  |x Etika. Morálna filozofia  |2 konspekt 
072 7 |a 658  |x Riadenie a správa podniku  |2 konspekt 
072 7 |a 371  |x Školstvo (organizácia)  |2 konspekt 
080 |a 17:658  |2 2001 
080 |a 658  |2 2001 
080 |a 371.3  |2 2001 
100 1 |a Hrehová, Daniela,  |d 1963-  |4 aut  |9 201114 
245 1 0 |a Vyučovanie podnikateľskej etiky  |b (prehľadová štúdia)  |c Daniela Hrehová 
300 |b Obr., tab. 
504 |a Bibliogr. odkazy 
546 |a Res. slov., angl. 
650 0 7 |a manažérska etika  |2 snkbucl  |9 4266 
650 0 7 |a vyučovanie  |2 snkbucl  |9 1522 
773 0 |t Pedagogika.sk (online)  |g Roč. 2, č. 4 (2011), s. 275-294  |x 1338-0982 
852 |a SPK  |b KIS3GCP 
856 4 1 |u www.pedagogika.sk 
958 |a NB  |2 spk 
999 |c 2720007  |d 2721937